Les bières les plus consommées en France - Statistiques

Statistiques générales
  • Ce quiz a été pris 56 fois
  • Le résultat moyen est 6 sur 20
Statistiques - réponses
Rang Réponse % Correct
1 Heineken
98%
2 1664
73%
3 Leffe
71%
5 Desperados
65%
4 Kronenbourg
56%
6 Grimbergen
48%
19 Chouffe
44%
14 Corona
44%
13 Goudale
35%
10 Bud
29%
17 Guiness
21%
9 Hoegaarden
15%
8 Pelforth
10%
11 skoll
10%
16 Mort subite
8%
15 33 export
6%
20 Tripel Karemliet
4%
7 Affilgem
2%
12 Fischer
2%
18 Gallia
2%
Aucun quiz correspondant
Distribution des résultats
% des personnes avec chaque résultat
Percentile par nombre de réponses
Votre historique - résultats
Vous n’avez pas pris ce quiz